000 01595cam a22004694i 4500
003 PE-LiUPU
005 20250731173532.0
008 150616s r 000 0 d
020 _a0802804330
035 _a(Sirsi) i9780802804334
040 _aPE-LiUPU
_bspa
_cPE-LiUPU
_erda
049 _aPRUA
082 0 4 _a269.2
_bA14
_221
100 1 _aAbraham, William J.,
_eautor.
245 1 4 _aThe Logic of Evangelism /
_cWilliam J. Abraham.
264 1 _aGrand Rapids, Michigan :
_bW. B. Eerdmans Publishing Co.,
_c1989.
300 _a245 páginas ;
_c21 centímetros
336 _atext
_2rdacontent
337 _aunmediated
_2rdamedia
338 _avolume
_2rdacarrier
504 _eBibliografía al pie de pag.
505 0 _aEvangelism and modern theology.- The gospel.- Proclamation.- Church growth.- Initiation.- Conversion, baptism and morality.
526 _aSEG42
526 _aSEG41
526 _aSEG40
526 _aSEG39
526 _aP94
526 _aP87
526 _aP86
526 _aP85
526 _aP77
526 _aP76
526 _aP35
650 0 4 _aEvangelismo.
_9953
910 _ajck
_bjvq
_cjck
942 _2ddc
_cBOOK
949 _a269.2 A14
_wDEWEY
_c1
_i42306
_lCCODEBUL1
_mBUL
_r0
_sY
_tBOOK
_u2015-6-16
_xTEOLOGIA
_zUNKNOWN
_0COMPRA
_o.STAFF. Colección General
994 _aC0
_bPEPRU
596 _a1
999 _a269.2 A14
_wDEWEY
_c60136
_i42306
_f2021-11-10
_g5
_lCCODEBUL1
_mBUL
_r0
_sY
_tBOOK
_u2015-6-16
_xTEOLOGIA
_zUNKNOWN
_0COMPRA
_o.STAFF. Colección General
_d60136
980 _81
_gALBERTO SANCHEZ Responsable de Automatización